| 000 | 00545nam a2200181 u 4500 | ||
|---|---|---|---|
| 001 | 000753514 | ||
| 003 | AM-YeHGA | ||
| 005 | 20250617143627.0 | ||
| 008 | 100729s1984 ru r 000 0 rus d | ||
| 040 | _aAM-YeHGA | ||
| 041 | 0 | _arus | |
| 100 | 1 |
_aНекрасов, Николай Алексеевич _d1821-1877 |
|
| 245 | 1 | 0 |
_aПоэмы / _cН.А. Некрасов. |
| 260 |
_aМосква : _bПравда, _c1984. |
||
| 300 |
_a351 стр. ; _c20 см. |
||
| 650 | 1 | 4 |
_aРусская литература _xПоэзия |
| 090 | _c280225 | ||
| 999 |
_c278573 _d278573 |
||